1581 1756 1005 1205 1090 1334 1192 1813 1578 1803 1491 1782 1533 1331 1650 1135 1438 1802 1757 1521 1609 1498 1994 1487 1999 1682 1568 1412 1083 1618 1612 1965 1645 1493 1774 1248 1870 1183 1056 1434 1960 1545 1579 1629 1701 1395 2000 1362 1127 1045 1870 1284 1039 1603 1137 1151 1152 1625 1654 1393 1500 1667 1148 1143 1885 1176 1482 1495 1928 1618 1133 1161 1465 1017 1039 1474 1198 1037 1170 1623 1370 1810 1260 1374 1401 1252 1762 1821 1200 1346 1248 1778 1961 1794 1998 1185 1216 1219 1299 BCNSPRNW ULIB Ver.6.0+V

เปลี่ยนเป็นภาษาไทย

Change to English
 แสดงรายละเอียดบรรณานุกรม
  กลับหน้าหลัก

Brief Record : Get Marc (ISO 2709) : E-mail record : QR code < ปิดหน้าต่าง
LEADER : 00000nam 2200000uu 4500
001    13399114544
003     ULIB
008    120412s2550||||th 000 0 tha d
020    ^a9749479408
090    ^aนว.^bก478ผ 2550
100 0  ^aLittle Mermaid
245 00 ^aแผนรักรสเบเกอรี่ Bakery of love/^cLittle Mermaid
250    ^aพิมพ์ครั้งที่ 1
260    ^aกรุงเทพฯ :^bอมรินทร์ บุ๊ค เซ็นเตอร์,^c2550
300    ^a238 หน้า
945    ^p149^l0^i14063
995    ^aกัณชพร
999    ^aใช้งานได้ทุกระบบ
รายการนี้ยังไม่มีแท็ก
คุณยังไม่ได้ล็อกอิน คุณสามารถมีกิจกรรมร่วมกับเว็บไซต์ได้ แต่ต้องล็อกอินก่อน ::
  ล็อกอิน

รายการสื่อสารสนเทศ

ลำดับที่ ประเภท เลขเรียก/บาร์โค้ด สถานที่ สถานะ
1. นวนิยาย
นวนิยาย
นว. ก478ผ 2550  
  Barcode: 14063
ห้องสมุดวิทยาเขตสวรรค์ประชารักษ์
►นวนิยาย
บนชั้น
  ขอยืม

BibComment


ยังไม่เคยถูกคอมเมนท์

คอมเมนท์ทรัพยากรรายการนี้
  คอมเมนท์: แผนรักรสเบเกอรี่..


 Copyright 2026. Bcnsprnw @Library